01436nab a22002657a 4500999001500000003000400015005001700019008004100036040000700077100002900084245016200113300001300275505041100288505007200699650002800771650005800799650003300857650002500890650003500915700003300950700003300983700003801016773010301054942001301157 c5841d5841OSt20260108014718.0190514b xxu||||| |||| 00| 0 spa d cPJ 96740aBarabasqui, Paula 10aDerecho a la intimidad de niños, niñas y adolescentes en la era de las redes sociales /cPaula Barabasqui, Daniela Fico, David Hacker, Natalia Kerszberg. ap. 73-78 aSumario: I. Introducción.— II. Marco normativo.— III. Derechos en juego. La exposición de los niños en redes sociales como violación a su privacidad. — IV. Derechos y deberes derivados de la responsabilidad parental.— V. Autonomía progresiva y ejercicio de derechos. Cuando son los propios niños y adolescentes quienes acceden a las redes sociales.— VI. Una decisión bien enmarcada. tSi te interesa el texto, comunicate a koha@justierradelfuego.gov.ar 09967aDERECHO DE FAMILIA 092741aDERECHOS DE LAS NIÑAS, NIÑOS Y ADOLESCENTES 092724aDERECHO A LA INTIMIDAD 094109aREDES SOCIALES 091015aRESPONSABILIDAD PARENTAL 94620aFico, Danielaecoautor 96741aHacker, Davidecoautor 94621aKerszberg, Nataliaecoautor0 0284493222dBuenos Aires : AbeledoPerrot, 1989-tDerecho de familia. N° 119 - Mayo 2025z18511201 2udccANA